The home: (Record no. 13226)

000 -LEADER
fixed length control field 00562nam a2200181 a 4500
001 - CONTROL NUMBER
control field :::00011044$&:&@@
003 - CONTROL NUMBER IDENTIFIER
control field OkBaRHE
005 - DATE AND TIME OF LATEST TRANSACTION
control field 20000607103405.0
008 - FIXED-LENGTH DATA ELEMENTS--GENERAL INFORMATION
fixed length control field s1955 j 000 0 eng u
040 ## - CATALOGING SOURCE
Transcribing agency
100 1# - MAIN ENTRY--PERSONAL NAME
Personal name Flower, Alice Reynolds.
245 14 - TITLE STATEMENT
Title The home:
Remainder of title a divine sanctuary.
260 ## - PUBLICATION, DISTRIBUTION, ETC. (IMPRINT)
Place of publication, distribution, etc Springfield, MO., :
Name of publisher, distributor, etc Gospel Publishing House
Date of publication, distribution, etc c1955
300 ## - PHYSICAL DESCRIPTION
Extent 195 p. ;
Dimensions 20 cm.
650 ## - SUBJECT ADDED ENTRY--TOPICAL TERM
Topical term or geographic name as entry element Family
General subdivision Religious Life
942 ## - ADDED ENTRY ELEMENTS (KOHA)
Source of classification or shelving scheme
Koha item type Books
Copies
Koha item type Copy number Date last seen Source of classification or shelving scheme Withdrawn status Full call number Not for loan Lost status Barcode Price effective from Permanent Location Date acquired Shelving location Damaged status
Books12010-04-14  BV 4526 .F56  110442010-04-14RHEMA Bible Training College2010-04-14General Stacks